Presente y futuro de la economía andaluza / (Record no. 35504)

MARC details
000 -LEADER
campo de control de longitud fija 00682nam a2200193 i 4500
001 - NÚMERO DE CONTROL
campo de control 35504
003 - IDENTIFICADOR DE NÚMERO DE CONTROL
campo de control ES-MaACL
005 - FECHA Y HORA DE LA ÚLTIMA TRANSACCIÓN
campo de control 20230906155136.0
007 - CAMPO FIJO DE DESCRIPCIÓN FÍSICA--INFORMACIÓN GENERAL
campo de control de longitud fija t|
008 - DATOS DE LONGITUD FIJA--INFORMACIÓN GENERAL
campo de control de longitud fija 030213s1981 sp ||||1| spa d
100 1# - ENTRADA PRINCIPAL--NOMBRE DE PERSONA
Nombre de persona Bosque Maurel, Joaquín.
9 (RLIN) 30700
245 10 - MENCIÓN DEL TÍTULO
Título Presente y futuro de la economía andaluza /
Mención de responsabilidad, etc. Joaquín Bosque Maurel, José Mª Casado Raigón, Rafael Illescas Ortiz.
260 ## - PUBLICACIÓN, DISTRIBUCIÓN, ETC.
Lugar de publicación, distribución, etc. [S.l. :
Nombre del editor, distribuidor, etc. s.n.,
Fecha de publicación, distribución, etc. 1981] (
Lugar de fabricación/manufactura Córdoba :
Fabricante Ayuntamiento de Córdoba)
300 ## - DESCRIPCIÓN FÍSICA
Extensión 63 p. ;
Dimensiones 28 cm.
700 1# - ENTRADA AGREGADA--NOMBRE PERSONAL
Nombre de persona Casado Raigón, José María.
9 (RLIN) 36026
700 1# - ENTRADA AGREGADA--NOMBRE PERSONAL
Nombre de persona Illescas Ortiz, Rafael.
9 (RLIN) 65193
710 1# - ENTRADA AGREGADA--NOMBRE DE ENTIDAD CORPORATIVA
Nombre de entidad corporativa o nombre de jurisdicción como elemento de entrada Córdoba.
Unidad subordinada Ayuntamiento.
9 (RLIN) 3298
852 ## - LOCALIZACIÓN
Ubicación ES-MaACL
Número de control de estantería L-1564
Sublocalización o colección R.102199
Holdings
Estatus retirado Estado de pérdida Estado de daño No para préstamo Biblioteca de origen Biblioteca actual Ubicación en estantería Fecha de adquisición Fuente de adquisición Total de préstamos Signatura topográfica completa Código de barras Visto por última vez Precio de reemplazo Tipo de ítem Koha
        Biblioteca del Ateneo de Madrid Biblioteca del Ateneo de Madrid Depósito 2 17/01/2008     L-1564 1037155 23/02/2023 23/02/2023 Libro impreso